Aprovechamiento forestal mejorado en bosques de producción (Registro nro. 2533)

Detalles MARC
000 -CABECERA
Campo de control 01388nam a2200361 a 4500
005 - FECHA Y HORA DE LA ULTIMA TRANSACCION
Campo de control 20160524112515.0
008 - ELEMENTOS DE LONGITUD FIJA—INFORMACION GENERAL
Campo de control 140306b2001 cr d||||r|||| 00| 0 spa d
020 ## - ISBN
ISBN 9977573743
040 ## - FUENTE DE CATALOGACIÓN
Agencia catalogadora original CO-BoIAVH
Agencia transcriptora CO-BoIAVH
041 0# - IDIOMA
Código de idioma para texto/pista de sonido o título separado Español
044 ## - PAÍS DE PUBLICACIÓN
País de publicación Costa Rica
082 04 - NUMERO DE CLASIFICACION DECIMAL DEWEY
Número de clasificación 634.98
Número del ítem S11a
090 ## - CLASIFICACIÓN LOCAL
Colección LB
Consecutivo 02346
100 1# - ASIENTO PRINCIPAL--NOMBRE PERSONAL
9 (RLIN) 6767
Nombre personal Sabogal, César
Término relacionado autor
245 10 - MENCION DE TITULO
Título Aprovechamiento forestal mejorado en bosques de producción
Parte restante del título estudio de caso Los Filos, río San Juan, Nicaragua /
Mención de responsabilidad César Sabogal [y otros 3]
246 14 - FORMA VARIANTE DEL TITULO
Título propiamente dicho/forma breve del título Aprovechamiento mejorado en bosques de producción forestal
Parte restante del título estudio de caso Los Filos, río San Juan, Nicaragua
260 ## - PUBLICACION, DISTRIBUCION, ETC. (PIE DE IMPRENTA)
Lugar de publicación, distribución, etc. Turrialba :
Nombre del editor, distribuidor, etc. CATIE. Unidad de Manejo de Bosques Naturales,
Fecha de publicación, distribución, etc. 2001.
300 ## - DESCRIPCION FISICA
Extensión xi, 57 páginas :
Otros detalles físicos tablas y gráficas ;
Dimensiones 23 x 16 cm.
490 0# - MENCION DE SERIE
Mención de serie Serie técnica. Informe técnico / CATIE ;
Designación numérica/secuencial del volumen 323
500 ## - NOTA GENERAL
Nota general Incluye anexos.
504 ## - NOTA DE BIBLIOGRAFIA, ETC.
Nota de bibliografía Incluye referencias bibliográficas.
650 14 - ASIENTO SECUNDARIO DE MATERIA - TERMINO TEMATICO
Término temático o nombre geográfico como elemento de entrada Aprovechamiento forestal
9 (RLIN) 70007
650 26 - ASIENTO SECUNDARIO DE MATERIA - TERMINO TEMATICO
Término temático o nombre geográfico como elemento de entrada Silvicultura
9 (RLIN) 70008
650 26 - ASIENTO SECUNDARIO DE MATERIA - TERMINO TEMATICO
Término temático o nombre geográfico como elemento de entrada Ordenación forestal
9 (RLIN) 61057
650 26 - ASIENTO SECUNDARIO DE MATERIA - TERMINO TEMATICO
Término temático o nombre geográfico como elemento de entrada Recursos foretales
Subdivisión general uso
9 (RLIN) 70009
650 26 - ASIENTO SECUNDARIO DE MATERIA - TERMINO TEMATICO
Término temático o nombre geográfico como elemento de entrada Bosque tropical
9 (RLIN) 70006
662 ## - ASIENTO SECUNDARIO DE MATERIA - JERARQUIA DEL NOMBRE DE LUGAR(
País o entidad mayor Nicaragua
Jurisdicción política intermedia Río San Juan
700 1# - ASIENTO SECUNDARIO - NOMBRE PERSONAL
Nombre personal Castillo, Alfonso
Término de relación autor
9 (RLIN) 16391
700 1# - ASIENTO SECUNDARIO - NOMBRE PERSONAL
Nombre personal Carrera, Fernando
Término de relación autor
9 (RLIN) 16392
700 1# - ASIENTO SECUNDARIO - NOMBRE PERSONAL
Nombre personal Castañeda, Armando
Término de relación autor
9 (RLIN) 16393
710 2# - ASIENTO SECUNDARIO - NOMBRE CORPORATIVO
Nombre corporativo o de jurisdicción como elemento de entrada Catie
9 (RLIN) 51223
942 ## - ELEMENTOS ADICIONALES (KOHA)
Tipo de ítem Libro
Sistema de clasificación Dewey Decimal Classification
Existencias
Withdrawn status Lost status Sistema de Clasificación Damaged status No para préstamo Colección Inventariado Ubicación Permanente Ubicación actual Fecha de adquisición Fuente de Valor Valor Total Checkouts Número topográfico Inventario / Código de Barras Date last seen Ejemplar Price effective from Forma de adquisición Tipo de material
    Dewey Decimal Classification     General Inventariado 2017 Sala Fabio Quevedo Sala Fabio Quevedo 08/02/2002 Instituto 39000.00   LB-634.98 S11a 003132 04/12/2012 Ej. 1 04/12/2012 Donación Libro